[Event "39th Olympiad Women"]
[Site "Khanty-Mansiysk RUS"]
[Date "2010.09.29"]
[Round "8"]
[White "Linares Napoles, Oleiny"]
[Black "Bezgodova, Maria"]
[Result "1-0"]
[WhiteTitle "WIM"]
[BlackTitle "WFM"]
[WhiteElo "2328"]
[BlackElo "2170"]
[Board "7.2"]
[WhiteTeam "CUB"]
[BlackTeam "RUS3"]
[WhiteFideId "3504794"]
[BlackFideId "24111260"]
[EventDate "2010.09.21"]
[EventType "team"]

1. e4 e5 2. Nf3 Nc6 3. Bb5 a6 4. Ba4 Nf6 5. O-O Be7 6. Re1 b5 7. Bb3 d6 8. c3
O-O 9. h3 Be6 10. d4 Bxb3 11. axb3 Qc8 12. Nbd2 Re8 13. d5 Nb8 14. Nf1 h6 15.
Ng3 c6 16. c4 bxc4 17. bxc4 cxd5 18. cxd5 Nbd7 19. Ra3 a5 20. Nh4 Bf8 21. Ngf5
Nc5 22. Qf3 Ncxe4 23. Ra4 Ng5 24. Nxh6+ gxh6 25. Qxf6 Qd7 26. Rg4 Bg7 27. Qf5
Qe7 28. Bxg5 hxg5 29. Rxg5 Ra7 30. Re3 f6 31. Rg6 Qf7 32. Rxg7+ Kxg7 33. Rg3+
Kh6 34. Rg6+ 1-0

[Event "39th Olympiad Women"]
[Site "Khanty-Mansiysk RUS"]
[Date "2010.09.29"]
[Round "8"]
[White "Pina Vega, Sulennis"]
[Black "Kabanova, Ekaterina"]
[Result "1-0"]
[WhiteTitle "WGM"]
[WhiteElo "2322"]
[BlackElo "2177"]
[Board "7.4"]
[WhiteTeam "CUB"]
[BlackTeam "RUS3"]
[WhiteFideId "3503151"]
[BlackFideId "24112917"]
[EventDate "2010.09.21"]
[EventType "team"]

1. e4 c5 2. Nf3 e6 3. b3 a6 4. Bb2 d5 5. exd5 exd5 6. d4 Nf6 7. Be2 Be7 8. dxc5
Bxc5 9. O-O O-O 10. Nd4 Nc6 11. Nxc6 bxc6 12. Bf3 Rb8 13. Nc3 Qd6 14. Na4 Ba7
15. Re1 d4 16. Qe2 Nd5 17. Rad1 c5 18. Ba3 Nb4 19. Qe7 Qd7 20. Rd2 a5 21. h3 h6
22. Re5 Qxe7 23. Rxe7 Bb6 24. Nxb6 Rxb6 25. Rc7 Rd8 26. Rxc5 Nxa2 27. Rxa5 Nb4
28. Ra4 Nxc2 29. Rxc2 Rxb3 30. Ra8 Kh7 31. Be7 Bf5 32. Rxd8 Bxc2 33. Rxd4 f5 34.
Bd5 Rb1+ 35. Kh2 Re1 36. Rd2 Bb1 37. Bb4 Rc1 38. h4 Kg6 39. Bf3 Rc7 40. h5+ Kh7
41. Bd6 Rc2 42. Rxc2 Bxc2 43. Kg3 g5 44. hxg6+ Kxg6 45. Kf4 Bb3 46. Bc6 Bc2 47.
Be8+ Kf6 48. Bf8 Be4 49. f3 Bd3 50. Bxh6 Bf1 51. g3 Bd3 52. Bf8 Be2 53. Bb4 Bd3
54. Bc3+ Ke6 55. Bg6 Bc2 56. Kg5 Bd3 57. f4 Bc2 58. g4 1-0

[Event "39th Olympiad Women"]
[Site "Khanty-Mansiysk RUS"]
[Date "2010.09.29"]
[Round "8"]
[White "Repkova, Eva"]
[Black "Dembo, Yelena"]
[Result "1/2-1/2"]
[WhiteTitle "IM"]
[BlackTitle "IM"]
[WhiteElo "2447"]
[BlackElo "2452"]
[Board "8.1"]
[WhiteTeam "SVK"]
[BlackTeam "GRE"]
[WhiteFideId "14900440"]
[BlackFideId "723916"]
[EventDate "2010.09.21"]
[EventType "team"]

1. e4 c5 2. b3 Nc6 3. Bb2 e5 4. Bb5 Nd4 5. Bd3 Nf6 6. Nc3 d6 7. Nge2 Qc7 8. O-O
Bd7 9. a4 a6 10. f4 O-O-O 11. Bc4 Bg4 12. h3 Bxe2 13. Nxe2 Kb8 14. Nxd4 cxd4 15.
Qe2 h5 16. a5 h4 17. Rf3 d5 18. fxe5 Qxe5 19. exd5 Qxe2 20. Bxe2 Rxd5 21. Bc4
Rd7 22. Rd3 Bc5 23. Re1 Rh5 24. Kh1 Rf5 25. b4 Bxb4 26. Bxd4 Kc8 27. c3 Bxa5 28.
g4 hxg3 29. Rxg3 Nh5 30. Rg4 g6 31. Bd3 Rfd5 32. Bc4 Rf5 33. Bd3 Rfd5 34. Bc4 1/2-1/2

[Event "39th Olympiad Women"]
[Site "Khanty-Mansiysk RUS"]
[Date "2010.09.29"]
[Round "8"]
[White "Botsari, Anna-Maria"]
[Black "Pokorna, Regina"]
[Result "1/2-1/2"]
[WhiteTitle "WGM"]
[BlackTitle "WGM"]
[WhiteElo "2302"]
[BlackElo "2370"]
[Board "8.2"]
[WhiteTeam "GRE"]
[BlackTeam "SVK"]
[WhiteFideId "4200446"]
[BlackFideId "14902052"]
[EventDate "2010.09.21"]
[EventType "team"]

1. d4 Nf6 2. c4 e6 3. Nc3 Bb4 4. e3 O-O 5. Ne2 d5 6. a3 Be7 7. cxd5 exd5 8. g3
c6 9. Bg2 Na6 10. O-O Nc7 11. Nf4 a5 12. f3 c5 13. b3 Re8 14. Nce2 b6 15. Re1
Bf8 16. g4 h6 17. Ng3 cxd4 18. exd4 Rxe1+ 19. Qxe1 Nb5 20. Bb2 a4 21. Qd1 Qe8
22. Nf1 Nd6 23. Bc1 axb3 24. Qxb3 Qa4 25. Qxb6 Nb5 26. Be3 Nxa3 27. h4 Qe8 28.
Qb3 Ba6 29. Nd3 Bc4 30. Qd1 Rb8 31. Bf4 Bb3 32. Qd2 Nc4 33. Qc3 Rb6 34. Nc5 Bxc5
35. dxc5 Rb5 36. Ne3 Qc6 37. Nxc4 Qxc5+ 38. Be3 Qxc4 39. Ra8+ Kh7 40. Qe5 Bc2
41. Bxh6 Rb1+ 42. Kh2 Qxg4 43. Qxf6 Qxg2+ 44. Kxg2 gxf6 45. Be3 1/2-1/2

[Event "39th Olympiad Women"]
[Site "Khanty-Mansiysk RUS"]
[Date "2010.09.29"]
[Round "8"]
[White "Kochetkova, Julia"]
[Black "Makropoulou, Marina"]
[Result "1/2-1/2"]
[WhiteTitle "WGM"]
[BlackTitle "WGM"]
[WhiteElo "2327"]
[BlackElo "2230"]
[Board "8.3"]
[WhiteTeam "SVK"]
[BlackTeam "GRE"]
[WhiteFideId "4139690"]
[BlackFideId "4200187"]
[EventDate "2010.09.21"]
[EventType "team"]

1. e4 e5 2. Nf3 Nc6 3. Bb5 a6 4. Ba4 Nf6 5. O-O Be7 6. Re1 b5 7. Bb3 d6 8. c3
O-O 9. d4 exd4 10. cxd4 Bg4 11. Nc3 b4 12. Nd5 Rb8 13. Ba4 Nxd5 14. Bxc6 Nb6 15.
Qd3 a5 16. Bf4 Bf6 17. Rac1 Bxf3 18. gxf3 Bg5 19. Qe3 Bxf4 20. Qxf4 Nc8 21. Qf5
Rb6 22. Qxa5 Ne7 23. Bb5 d5 24. Bf1 dxe4 25. fxe4 Qxd4 26. Qc5 Rg6+ 27. Bg2 Qf6
28. Re3 Qxb2 29. Qxc7 h6 30. Qc2 Qe5 31. Qd2 Qg5 32. f3 Rd6 33. Qf2 Ng6 34. Kh1
Rfd8 35. Rce1 Rd2 36. Qg3 Nf4 37. Bf1 Rxa2 38. Qxg5 hxg5 39. Rb3 Rdd2 40. Rxb4
Rxh2+ 41. Kg1 Nh5 42. Ra4 Rad2 43. Rd4 Rdf2 44. e5 Nf4 45. Rd7 Ne2+ 46. Bxe2
Rhg2+ 47. Kh1 Rxe2 48. Rxe2 Rxe2 49. Rd5 Kf8 50. Kg1 Ke7 51. e6 f6 52. Rd7+ Kxe6
53. Rxg7 Kf5 54. Rf7 Ra2 55. Rf8 Ra6 56. Kg2 Kf4 57. Rf7 Ra2+ 58. Kf1 f5 59. Rf8
Ra5 60. Kf2 Rb5 61. Rf7 Rb3 62. Kg2 Rb2+ 63. Kf1 Rh2 64. Rf8 Rh3 65. Ke2 Rh2+
66. Kf1 Rh7 67. Kf2 Rb7 68. Kf1 Rb3 69. Kg2 Rb2+ 70. Kf1 g4 71. fxg4 Kxg4 72.
Ra8 Rb3 73. Kf2 Rb2+ 74. Kf1 Rb4 75. Ra3 Kf4 76. Kf2 Rb2+ 77. Kf1 Rc2 78. Rb3
Kg4 79. Ra3 Rc4 80. Kf2 Rf4+ 81. Kg2 Rb4 82. Kf2 Rb2+ 83. Kf1 Kf4 84. Ra4+ Kg3
85. Ra3+ Kh4 86. Ra4+ Kg5 87. Ra3 f4 88. Rc3 Kg4 89. Ra3 Rh2 90. Rb3 Rh1+ 91.
Kf2 Ra1 92. Rc3 Ra2+ 93. Kf1 Rh2 94. Rb3 Ra2 95. Rc3 Rd2 96. Ra3 Kf5 97. Ra5+
Ke4 98. Ra4+ Ke3 99. Ra3+ Rd3 100. Rxd3+ Kxd3 101. Kf2 Ke4 102. Ke2 f3+ 103. Kf2
Kf4 104. Kf1 Ke3 105. Ke1 Ke4 106. Kf2 Kf4 107. Kf1 Ke4 108. Kf2 Kf4 1/2-1/2

[Event "39th Olympiad Women"]
[Site "Khanty-Mansiysk RUS"]
[Date "2010.09.29"]
[Round "8"]
[White "Fakhiridou, Ekaterini"]
[Black "Machalova, Veronika"]
[Result "1/2-1/2"]
[WhiteTitle "WIM"]
[BlackTitle "WFM"]
[WhiteElo "2208"]
[BlackElo "2229"]
[Board "8.4"]
[WhiteTeam "GRE"]
[BlackTeam "SVK"]
[WhiteFideId "4202848"]
[BlackFideId "14904888"]
[EventDate "2010.09.21"]
[EventType "team"]

1. e4 c5 2. Nf3 d6 3. d4 cxd4 4. Nxd4 Nf6 5. Nc3 Nc6 6. g3 e6 7. Bg2 Bd7 8. Nde2
Be7 9. O-O O-O 10. h3 Qc7 11. a4 a6 12. Nf4 Ne5 13. Nd3 Bc6 14. f4 Nxd3 15. cxd3
b5 16. g4 Qb7 17. g5 Ne8 18. Qe2 b4 19. Nd1 d5 20. Nf2 dxe4 21. Bxe4 Bxe4 22.
dxe4 Nd6 23. b3 Rac8 24. Bb2 Rc7 25. Rac1 Rxc1 26. Rxc1 Rc8 27. Rxc8+ Qxc8 28.
Qd2 Ne8 29. Kg2 Qc6 30. Kg3 Qc7 31. Kf3 Qc6 32. Kg3 1/2-1/2

[Event "39th Olympiad Women"]
[Site "Khanty-Mansiysk RUS"]
[Date "2010.09.29"]
[Round "8"]
[White "Golubenko, Valentina"]
[Black "Cori T., Deysi"]
[Result "0-1"]
[WhiteTitle "WGM"]
[BlackTitle "WGM"]
[WhiteElo "2278"]
[BlackElo "2368"]
[Board "9.1"]
[WhiteTeam "CRO"]
[BlackTeam "PER"]
[WhiteFideId "4501993"]
[BlackFideId "3801934"]
[EventDate "2010.09.21"]
[EventType "team"]

1. d4 Nf6 2. Nf3 e6 3. g3 b5 4. Bg2 Bb7 5. Qd3 a6 6. a4 b4 7. Bg5 Be7 8. Nbd2 h6
9. Bxf6 Bxf6 10. Nb3 a5 11. Nc5 Bc6 12. O-O O-O 13. e4 d6 14. Nb3 Qd7 15. e5 Be7
16. c4 bxc3 17. Qxc3 Bxa4 18. exd6 cxd6 19. Nc5 dxc5 20. Ne5 cxd4 21. Qd2 Qc7
22. Bxa8 Bb5 23. Nd3 Bb4 24. Nxb4 Bxf1 25. Kxf1 Nd7 26. Rc1 Qd6 27. Nc6 Rxa8 28.
Qxd4 Qxd4 29. Nxd4 Rb8 30. Rc2 Ne5 31. Ke2 Rb4 32. Nc6 Nxc6 33. Rxc6 Rxb2+ 34.
Kf3 g5 35. Ra6 Rb5 36. g4 Rb3+ 37. Kg2 Rb4 38. h3 a4 39. Kg3 Rb3+ 40. Kg2 a3 41.
Ra8+ Kg7 42. Ra5 Kf6 43. Kh2 Ke7 44. Ra6 Kd7 45. Kg2 Kc7 46. Ra4 Kb6 47. Kh2 Kb5
48. Ra7 Kb4 49. Rxf7 a2 50. Rb7+ Ka3 51. Ra7+ Kb2 0-1

[Event "39th Olympiad Women"]
[Site "Khanty-Mansiysk RUS"]
[Date "2010.09.29"]
[Round "8"]
[White "Chumpitaz, Ann"]
[Black "Medic, Mirjana"]
[Result "1/2-1/2"]
[WhiteTitle "WFM"]
[BlackTitle "WGM"]
[WhiteElo "2150"]
[BlackElo "2264"]
[Board "9.2"]
[WhiteTeam "PER"]
[BlackTeam "CRO"]
[WhiteFideId "3804178"]
[BlackFideId "14501619"]
[EventDate "2010.09.21"]
[EventType "team"]

1. e4 e6 2. d4 d5 3. Nc3 Bb4 4. e5 Qd7 5. a3 Bxc3+ 6. bxc3 b6 7. Qg4 f5 8. Qg3
Ba6 9. Bxa6 Nxa6 10. a4 c5 11. Ne2 Kf7 12. h4 Ne7 13. h5 h6 14. Qd3 Nb8 15. Rh4
Nbc6 16. Nf4 Rhc8 17. Bd2 Na5 18. g4 cxd4 19. cxd4 Rc4 20. c3 Nb3 21. Ra3 Nxd2
22. Kxd2 Kg8 23. gxf5 Nxf5 24. Rg4 Rf8 25. Ra1 Rf7 26. f3 Rxa4 27. Rxa4 Qxa4 28.
Nxe6 Qa2+ 29. Ke1 Qa1+ 30. Ke2 Qh1 31. Nf4 Qh2+ 32. Kd1 Ne7 33. Qe3 Qh1+ 34. Rg1
Qh2 35. Rg4 Qh1+ 36. Rg1 Qh2 1/2-1/2

[Event "39th Olympiad Women"]
[Site "Khanty-Mansiysk RUS"]
[Date "2010.09.29"]
[Round "8"]
[White "Orbezo Rosales, Ximena Lucia"]
[Black "Solic, Kristina"]
[Result "0-1"]
[BlackTitle "WIM"]
[WhiteElo "1836"]
[BlackElo "2225"]
[Board "9.4"]
[WhiteTeam "PER"]
[BlackTeam "CRO"]
[WhiteFideId "3807410"]
[BlackFideId "14507323"]
[EventDate "2010.09.21"]
[EventType "team"]

1. e4 c5 2. Nf3 Nc6 3. d4 cxd4 4. Nxd4 Qb6 5. Nb3 Nf6 6. Nc3 e6 7. Qe2 d6 8. Bg5
Be7 9. f4 a6 10. O-O-O Qc7 11. g4 h6 12. Bh4 Bd7 13. Bg2 g5 14. Bg3 gxf4 15.
Bxf4 Ne5 16. h3 b5 17. Rhe1 b4 18. Nb1 Bb5 19. Qf2 Rc8 20. Bf1 Bxf1 21. Qxf1
Qxc2# 0-1

[Event "39th Olympiad Women"]
[Site "Khanty-Mansiysk RUS"]
[Date "2010.09.29"]
[Round "8"]
[White "Danielian, Elina"]
[Black "Klinova, Masha"]
[Result "1-0"]
[WhiteTitle "IM"]
[BlackTitle "IM"]
[WhiteElo "2466"]
[BlackElo "2303"]
[Board "10.1"]
[WhiteTeam "ARM"]
[BlackTeam "ISR"]
[WhiteFideId "13300210"]
[BlackFideId "2802015"]
[EventDate "2010.09.21"]
[EventType "team"]

1. d4 d6 2. Nf3 Nf6 3. c4 g6 4. g3 Bg7 5. Bg2 O-O 6. O-O c6 7. Nc3 Bf5 8. Ne1
Be6 9. d5 cxd5 10. cxd5 Bd7 11. Nd3 Na6 12. h3 Qa5 13. Bd2 Rfc8 14. a3 Qd8 15.
b4 Nc7 16. a4 b5 17. a5 Na6 18. e4 Ng4 19. hxg4 Bxc3 20. Bxc3 Rxc3 21. Qd2 Rac8
22. Nc5 R3xc5 23. bxc5 Nxc5 24. Qb2 Na4 25. Qd4 Qxa5 26. e5 Rc4 27. Qe3 Bxg4 28.
exd6 exd6 29. Rfe1 Kg7 30. Bf1 Rb4 31. Qd2 Bf5 32. Ra3 1-0

[Event "39th Olympiad Women"]
[Site "Khanty-Mansiysk RUS"]
[Date "2010.09.29"]
[Round "8"]
[White "Igla, Bella"]
[Black "Mkrtchian, Lilit"]
[Result "1/2-1/2"]
[WhiteTitle "WGM"]
[BlackTitle "IM"]
[WhiteElo "2271"]
[BlackElo "2484"]
[Board "10.2"]
[WhiteTeam "ISR"]
[BlackTeam "ARM"]
[WhiteFideId "2806819"]
[BlackFideId "13300601"]
[EventDate "2010.09.21"]
[EventType "team"]

1. d4 Nf6 2. c4 e6 3. Nc3 Bb4 4. Qc2 c5 5. dxc5 Qc7 6. Nf3 Bxc5 7. e3 a6 8. b3
b6 9. Bb2 Bb7 10. Be2 O-O 11. g4 Nxg4 12. Rg1 f5 13. O-O-O b5 14. Nd4 Nf6 15.
Rg3 Bxd4 16. exd4 Qf4+ 17. Kb1 Nc6 18. d5 Ne5 19. Rdg1 Rf7 20. Bc1 Qxf2 21. Be3
Qxh2 22. R1g2 Qh1+ 23. Rg1 Qh2 24. R1g2 Qh1+ 25. Rg1 Qh2 1/2-1/2

[Event "39th Olympiad Women"]
[Site "Khanty-Mansiysk RUS"]
[Date "2010.09.29"]
[Round "8"]
[White "Galojan, Lilit"]
[Black "Pitam, Ella"]
[Result "1-0"]
[WhiteTitle "IM"]
[BlackTitle "WGM"]
[WhiteElo "2373"]
[BlackElo "2293"]
[Board "10.3"]
[WhiteTeam "ARM"]
[BlackTeam "ISR"]
[WhiteFideId "13301314"]
[BlackFideId "2802244"]
[EventDate "2010.09.21"]
[EventType "team"]

1. d4 Nf6 2. c4 g6 3. g3 Bg7 4. Bg2 d6 5. Nf3 O-O 6. Nc3 c6 7. O-O Bf5 8. h3 Ne4
9. Nxe4 Bxe4 10. Be3 Nd7 11. Qd2 Nf6 12. Rfd1 Qd7 13. Rac1 Rfd8 14. Bg5 Qe8 15.
Qe3 d5 16. b3 Qf8 17. g4 h6 18. Bf4 Nd7 19. cxd5 Bxd5 20. Ne5 Bxg2 21. Kxg2 Nb6
22. Bg3 e6 23. Qf3 a5 24. a4 Nd5 25. h4 Qe7 26. e4 Nb4 27. h5 g5 28. Qe3 Rac8
29. Nc4 Ra8 30. Ne5 Rac8 31. Nc4 Ra8 32. Be5 f6 33. Bg3 b5 34. Nb2 Rac8 35. Nd3
Nxd3 36. Rxd3 Qb4 37. axb5 cxb5 38. Rxc8 Rxc8 39. d5 e5 40. d6 Bf8 41. d7 Rd8
42. Qb6 Qxe4+ 43. Kh2 Be7 44. Qe6+ Kf8 45. Rc3 Qb4 46. Rc8 Kg7 47. Qf5 Kf7 48.
Qg6+ Ke6 49. Qe8 Rxd7 50. Rc6+ 1-0

[Event "39th Olympiad Women"]
[Site "Khanty-Mansiysk RUS"]
[Date "2010.09.29"]
[Round "8"]
[White "Vasiliev, Olga"]
[Black "Aginian, Nelly"]
[Result "1-0"]
[WhiteTitle "WIM"]
[BlackTitle "WGM"]
[WhiteElo "2293"]
[BlackElo "2282"]
[Board "10.4"]
[WhiteTeam "ISR"]
[BlackTeam "ARM"]
[WhiteFideId "2807602"]
[BlackFideId "13300628"]
[EventDate "2010.09.21"]
[EventType "team"]

1. e4 e6 2. d4 d5 3. e5 c5 4. c3 Nc6 5. Nf3 Bd7 6. Be2 Nge7 7. O-O cxd4 8. cxd4
Nf5 9. Nc3 Rc8 10. Bg5 Qb6 11. Na4 Qa5 12. Rc1 h6 13. Be3 Be7 14. Bd3 Nxe3 15.
fxe3 O-O 16. Nc3 Qb6 17. Qd2 Na5 18. Bb1 Nc4 19. Qd3 g6 20. e4 Nxb2 21. Qe3 dxe4
22. Nxe4 Rxc1 23. Qxc1 Kg7 24. Nf6 Bc6 25. Qf4 Rd8 26. Kh1 Nc4 27. Ng4 Bxf3 28.
Qxh6+ Kg8 29. Nf6+ Bxf6 30. exf6 Bxg2+ 31. Kxg2 Ne3+ 32. Kh3 Nf5 33. Bxf5 1-0

[Event "39th Olympiad Women"]
[Site "Khanty-Mansiysk RUS"]
[Date "2010.09.29"]
[Round "8"]
[White "Ghader Pour, Shayesteh"]
[Black "L'Ami, Alina"]
[Result "1/2-1/2"]
[WhiteTitle "WIM"]
[BlackTitle "WGM"]
[WhiteElo "2206"]
[BlackElo "2339"]
[Board "11.4"]
[WhiteTeam "IRI"]
[BlackTeam "ROU"]
[WhiteFideId "12500747"]
[BlackFideId "1210246"]
[EventDate "2010.09.21"]
[EventType "team"]

1. e4 c5 2. Nf3 d6 3. d4 cxd4 4. Nxd4 Nf6 5. Nc3 a6 6. Be2 e5 7. Nb3 Be7 8. O-O
O-O 9. Re1 Be6 10. Bf3 a5 11. a4 Na6 12. Nd2 Nb4 13. Nf1 Qc7 14. Ne3 Rfd8 15.
Nb5 Qc8 16. c3 d5 17. Nxd5 Nbxd5 18. exd5 Nxd5 19. Qe2 Bf6 20. h3 Nb6 21. Bg4
Bxg4 22. hxg4 h6 23. Be3 Nc4 24. Bc1 Qc6 25. b3 Nb6 26. Ba3 Nd5 27. Qf3 e4 28.
Rxe4 Nxc3 29. Nxc3 Qxc3 30. Qxc3 Bxc3 31. Rc1 Rd3 32. Bc5 Rad8 33. b4 R8d5 34.
Rc4 Bd2 35. Rd1 b6 36. Bxb6 Bxb4 37. Rxd3 Rxd3 38. Bc5 Rb3 39. Kf1 Rb2 40. Bxb4
axb4 41. a5 b3 42. Rb4 Ra2 43. Rxb3 Rxa5 44. Ke2 Kh7 45. f4 Kg6 46. Kf3 Ra6 47.
Rc3 Kf6 48. Re3 Ra1 49. g3 g6 50. Rb3 Rd1 51. Ra3 Ke6 52. Re3+ Kf6 1/2-1/2

[Event "39th Olympiad Women"]
[Site "Khanty-Mansiysk RUS"]
[Date "2010.09.29"]
[Round "8"]
[White "Muzychuk, Anna"]
[Black "Socko, Monika"]
[Result "1/2-1/2"]
[WhiteTitle "IM"]
[BlackTitle "GM"]
[WhiteElo "2535"]
[BlackElo "2486"]
[Board "12.1"]
[WhiteTeam "SLO"]
[BlackTeam "POL"]
[WhiteFideId "14111330"]
[BlackFideId "1106619"]
[EventDate "2010.09.21"]
[EventType "team"]

1. e4 e6 2. d4 d5 3. Nc3 Nf6 4. Bg5 Bb4 5. e5 h6 6. Be3 Ne4 7. a3 Bxc3+ 8. bxc3
Nxc3 9. Qg4 g6 10. Bd3 b6 11. h4 Ba6 12. Nh3 c5 13. dxc5 Bxd3 14. cxd3 Nc6 15.
Rc1 1/2-1/2

[Event "39th Olympiad Women"]
[Site "Khanty-Mansiysk RUS"]
[Date "2010.09.29"]
[Round "8"]
[White "Kaps, Darja"]
[Black "Majdan-Gajewska, Joanna"]
[Result "1/2-1/2"]
[WhiteTitle "WGM"]
[BlackTitle "WGM"]
[WhiteElo "2300"]
[BlackElo "2333"]
[Board "12.3"]
[WhiteTeam "SLO"]
[BlackTeam "POL"]
[WhiteFideId "14602334"]
[BlackFideId "1121979"]
[EventDate "2010.09.21"]
[EventType "team"]

1. e4 c5 2. Nf3 e6 3. d4 cxd4 4. Nxd4 a6 5. Bd3 g6 6. O-O Bg7 7. Be3 Nf6 8. Nd2
d6 9. a4 Qc7 10. N4b3 Nbd7 11. a5 O-O 12. f4 e5 13. f5 d5 14. Bg5 gxf5 15. Rxf5
dxe4 16. Nxe4 Nxe4 17. Bxe4 Nc5 18. Nxc5 Bxf5 19. Bxf5 Qxc5+ 20. Kh1 e4 21. Qg4
h5 22. Qh3 Rfe8 23. Be3 Qb5 24. Qxh5 Re5 25. Qh7+ Kf8 26. Bd4 Rae8 27. Bxe4 R8e6
28. c4 Qxc4 29. Bxe5 Rxe5 30. Bf3 Qb4 31. Rf1 Re1 32. Qd3 Bd4 33. g3 Rxf1+ 34.
Qxf1 Qxb2 35. Bd5 f6 36. Qf5 Qc1+ 37. Kg2 Qd2+ 38. Kh3 Qh6+ 39. Kg4 Qg7+ 40. Kh5
Qh8+ 41. Kg4 Qg7+ 42. Kf3 Qc7 43. Qe6 Be5 44. Qg8+ Ke7 45. Qe6+ Kf8 46. Bc4 Qc6+
47. Qxc6 bxc6 48. Bxa6 Bc7 49. Bb7 Bxa5 50. Bxc6 Kg7 51. Ke4 Bc7 1/2-1/2

[Event "39th Olympiad Women"]
[Site "Khanty-Mansiysk RUS"]
[Date "2010.09.29"]
[Round "8"]
[White "Dworakowska, Joanna"]
[Black "Rozic, Vesna"]
[Result "1-0"]
[WhiteTitle "IM"]
[BlackTitle "WIM"]
[WhiteElo "2315"]
[BlackElo "2289"]
[Board "12.4"]
[WhiteTeam "POL"]
[BlackTeam "SLO"]
[WhiteFideId "1107445"]
[BlackFideId "14604000"]
[EventDate "2010.09.21"]
[EventType "team"]

1. d4 d5 2. c4 e6 3. Nc3 Nf6 4. cxd5 exd5 5. Bg5 c6 6. Qc2 Be7 7. e3 Nbd7 8. Bd3
Nf8 9. Nge2 Ne6 10. Bh4 h6 11. f3 O-O 12. O-O-O b5 13. Kb1 a5 14. g4 a4 15. Be1
Ba6 16. h4 b4 17. Nxa4 Qa5 18. b3 Bb5 19. g5 Nh5 20. gxh6 gxh6 21. Ng3 Nxg3 22.
Bxg3 Bf6 23. Rhg1 Kh8 24. Bxb5 cxb5 25. Qf5 Bg7 26. Be5 f6 27. Qxe6 Qa7 28. Bd6
Rfe8 29. Qxd5 bxa4 30. Bc5 Qc7 31. bxa4 Rxa4 32. Rc1 Ra5 33. Qb3 Ra3 34. Qd1 Qf7
35. d5 Kh7 36. Bd4 Rea8 37. Rg2 Bh8 38. Qc2+ f5 39. Qc7 Rf8 40. Qd6 Bxd4 41. Rc7 1-0

[Event "39th Olympiad Women"]
[Site "Khanty-Mansiysk RUS"]
[Date "2010.09.29"]
[Round "8"]
[White "Guichard, Pauline"]
[Black "Calzetta Ruiz, Monica"]
[Result "1/2-1/2"]
[WhiteTitle "WIM"]
[BlackTitle "WGM"]
[WhiteElo "2293"]
[BlackElo "2280"]
[Board "13.2"]
[WhiteTeam "FRA"]
[BlackTeam "ESP"]
[WhiteFideId "639370"]
[BlackFideId "2204185"]
[EventDate "2010.09.21"]
[EventType "team"]

1. d4 Nf6 2. c4 c5 3. d5 b5 4. Qc2 g6 5. e4 Bg7 6. Nf3 O-O 7. cxb5 Bb7 8. Be2 e6
9. Nc3 exd5 10. exd5 d6 11. O-O Nbd7 12. Bg5 h6 13. Bh4 Nb6 14. Rad1 Re8 15. Rd2
Qe7 16. Rfd1 g5 17. Bg3 Nfxd5 18. Nxd5 Bxd5 19. h3 Rad8 20. a4 Be4 21. Bd3 Bxd3
22. Rxd3 Qe4 23. a5 Nc8 24. Qd2 Qb7 25. Bxd6 Nxd6 26. Rxd6 Rxd6 27. Qxd6 Qxb5
28. Qd7 Qxd7 29. Rxd7 a6 30. b3 Bc3 31. Rc7 Bb4 32. Kf1 Kg7 33. g4 Re6 34. h4
Rf6 35. Ke2 Re6+ 36. Kf1 Rf6 37. Kg2 Rf4 38. hxg5 hxg5 39. Kg3 c4 40. Rxc4 Rxc4
41. bxc4 f6 42. Nd4 Bxa5 43. Kf3 Kf7 44. Ke4 Be1 45. f3 a5 46. Kd5 a4 47. Nc2
Bg3 48. c5 Be5 49. c6 Ke7 50. Na3 Bb2 51. Nc2 a3 52. Nb4 Bc3 53. Na2 Bd2 54. Kc5
Kd8 55. Kd6 Bf4+ 56. Kd5 Kc7 57. Kc5 Bd2 58. Kd5 Bf4 59. Kc5 Be5 60. Nc1 Bd6+
61. Kd5 Bf4 62. Na2 Kb6 63. Nc3 Be5 64. Na2 Kb5 65. Nc1 Bc7 66. Na2 Bb8 67. Nc1
Kb4 68. Ke6 Kc3 69. Kxf6 Kc2 70. Na2 Kb2 71. Nb4 Bd6 72. Kxg5 Bxb4 73. c7 a2 74.
c8=Q a1=Q 75. f4 Qe1 76. Qd7 Be7+ 77. Kg6 Qe4+ 78. Qf5 Qc6+ 79. Kf7 Bd6 80. Qf6+
Kc2 81. f5 Qc4+ 82. Ke8 Bb4 83. g5 Bc3 84. Qe6 Qb5+ 85. Kf7 Qb7+ 86. Qe7 Qd5+
87. Qe6 Qb7+ 88. Kg6 Qg7+ 89. Kh5 Qh8+ 90. Kg6 Qg7+ 91. Kh5 Qh8+ 92. Kg4 Qd4+
93. Kh5 Qh8+ 94. Kg4 Qd4+ 95. Kh5 1/2-1/2

[Event "39th Olympiad Women"]
[Site "Khanty-Mansiysk RUS"]
[Date "2010.09.29"]
[Round "8"]
[White "Vega Gutierrez, Belinda"]
[Black "Collas, Silvia"]
[Result "1/2-1/2"]
[WhiteTitle "WFM"]
[BlackTitle "IM"]
[WhiteElo "2233"]
[BlackElo "2320"]
[Board "13.3"]
[WhiteTeam "ESP"]
[BlackTeam "FRA"]
[WhiteFideId "2229994"]
[BlackFideId "2902265"]
[EventDate "2010.09.21"]
[EventType "team"]

1. e4 e5 2. Nf3 Nc6 3. Bb5 Nf6 4. O-O Nxe4 5. d4 Nd6 6. Bxc6 dxc6 7. dxe5 Nf5 8.
Qxd8+ Kxd8 9. Nc3 h6 10. h3 Bd7 11. b3 Kc8 12. Bb2 a5 13. a4 Be6 14. Ne4 b6 15.
c4 c5 16. Rad1 Ne7 17. Rd2 Kb7 18. Rfd1 Nc6 19. Nc3 g5 20. Nd5 Bg7 21. g4 Rad8
22. Kg2 Rd7 23. Kg3 Rhd8 24. h4 h5 25. Nxg5 Bxg4 26. f3 Be6 27. Kf4 Ne7 28. Bc3
Ng6+ 29. Ke4 Nxh4 30. Nxe6 fxe6 31. Nf6 Rxd2 32. Rxd2 Rxd2 33. Bxd2 Ng6 34. f4
h4 35. Be1 h3 36. Bg3 Nh4 37. Ng4 Nf5 38. Bh2 Nd4 39. Nf2 Nxb3 40. Nxh3 Kc8 41.
Ng5 Kd7 42. f5 Nd4 43. f6 Bh6 44. Bf4 Ne2 45. Nxe6 Kxe6 46. Bxh6 Nc3+ 47. Kf4
Nxa4 48. Kg5 b5 49. cxb5 Nb6 50. f7 Kxf7 51. Kf5 a4 52. Be3 c4 53. e6+ Ke8 54.
Ke4 a3 55. Bd4 Na4 56. Ba1 Nb2 57. Kd4 Ke7 58. Kc3 Kxe6 59. Kb4 Kd5 60. Kxa3 Nd3
61. Bf6 Kc5 62. Bd8 Kb6 63. Ka4 c3 64. Kb3 Kxb5 65. Bxc7 c2 66. Kxc2 1/2-1/2

[Event "39th Olympiad Women"]
[Site "Khanty-Mansiysk RUS"]
[Date "2010.09.29"]
[Round "8"]
[White "Maisuradze, Nino"]
[Black "Aranaz Murillo, Amalia"]
[Result "1-0"]
[WhiteTitle "WGM"]
[BlackTitle "WFM"]
[WhiteElo "2273"]
[BlackElo "2154"]
[Board "13.4"]
[WhiteTeam "FRA"]
[BlackTeam "ESP"]
[WhiteFideId "13601717"]
[BlackFideId "22200371"]
[EventDate "2010.09.21"]
[EventType "team"]

1. d4 d5 2. c4 c6 3. Nc3 Nf6 4. Nf3 a6 5. e3 b5 6. c5 Nbd7 7. Bd3 e5 8. dxe5 Ng4
9. e6 fxe6 10. b4 Qc7 11. a4 Rb8 12. axb5 axb5 13. Bb2 Ndf6 14. Ne2 Qb7 15. h3
Nh6 16. Qc2 Nf7 17. g4 h6 18. Bg6 Be7 19. g5 Ne4 20. Bxg7 Rg8 21. gxh6 1-0